000
00300nam a2200109Ia 4500
008
220204s9999 xx 000 0 und d
082
_a
33(548.3)
_b
KER
245
0
_a
Economic review: Kerala 1974-77
260
_a
Trivandrum
_b
State Planning Board
_c
1976
650
_a
Kerala Economic Review
942
_c
BK
999
_c
44945
_d
44945